| 000 | 00426nam a2200169 a 4500 | ||
|---|---|---|---|
| 005 | 20140310183200.0 | ||
| 008 | 021127s19uu xx 00 eng d | ||
| 020 | _a0821756125 | ||
| 050 |
_aPZ 7 _b.W365 1996 |
||
| 100 | _aWebb, Kathi. | ||
| 245 |
_aNo holding back / _cKathi Webb. |
||
| 260 |
_aNew York ; _bZebra Books, _c1996. |
||
| 300 |
_a159 p. : _c17 cm. |
||
| 650 | _aFiction. | ||
| 942 |
_cBK _2lcc |
||
| 999 |
_c19847 _d19847 |
||